header

Racism (Record no. 27841)

MARC details
000 -LEADER
fixed length control field 01264nam a2200337 a 4500
082 04 - DEWEY DECIMAL CLASSIFICATION NUMBER
Classification number 305.8
245 00 - TITLE STATEMENT
Title Racism
260 ## - PUBLICATION, DISTRIBUTION, ETC. (IMPRINT)
Place of publication London ;
-- Thousand Oaks, Calif. :
Name of publisher SAGE Publications,
Year of publication 2001.
300 ## - PHYSICAL DESCRIPTION
Number of Pages xv, 422 p. :
Other physical details ill., map.
650 #0 - SUBJECT ADDED ENTRY--TOPICAL TERM
Topical Term Racism.
700 1# - ADDED ENTRY--PERSONAL NAME
Personal name Cashmore, Ernest.
Personal name Jennings, James,
856 40 - ELECTRONIC LOCATION AND ACCESS
Uniform Resource Identifier http://site.ebrary.com/lib/rucke/Doc?id=10715709

No items available.

© 2026 Rongo University
Contact us: librarian | system librarian | Rongo university